[Event "Parthenay 2000 MI"]
[Site "?"]
[Date "2000.07.13"]
[Round "7"]
[White "Berthelot, Yannick"]
[Black "Vajda, Albert"]
[Result "0-1"]
[WhiteElo "2312"]
[BlackElo "2410"]
[PlyCount "82"]
[EventDate "2000.??.??"]

1. e4 c6 2. d4 d5 3. Nc3 dxe4 4. Nxe4 Bf5 5. Ng3 Bg6 6. h4 h6 7. f4 e6 8. Nf3
Be7 9. h5 Bh7 10. Bd3 Bxd3 11. Qxd3 Nd7 12. Bd2 Qc7 13. O-O-O Ngf6 14. Ne5 c5
15. f5 O-O 16. fxe6 Nxe5 17. dxe5 Qxe5 18. Nf5 Rae8 19. Rhe1 Qd5 20. Qxd5 Nxd5
21. Bxh6 gxh6 22. exf7+ Kxf7 23. Nxh6+ Kg7 24. Rxd5 Kxh6 25. Re6+ Rf6 26. Rxf6+
Bxf6 27. Rxc5 Bg5+ 28. Kd1 Kxh5 29. Rc7 Re7 30. Rxe7 Bxe7 31. Kd2 Kg4 32. Kd3
Kf5 33. Kc4 Ke5 34. a4 Kd6 35. Kb5 Kc7 36. a5 a6+ 37. Kc4 Kc6 38. g4 Bg5 39. b3
Bd8 40. b4 Bf6 41. c3 Bg5 0-1

[Event "Parthenay 2000 MI"]
[Site "?"]
[Date "2000.07.13"]
[Round "7"]
[White "Bouvier, Bruno"]
[Black "Popescu, Daniel"]
[Result "0-1"]
[WhiteElo "2298"]
[BlackElo "2353"]
[PlyCount "112"]
[EventDate "2000.??.??"]

1. e4 g6 2. d4 c6 3. Nc3 Bg7 4. Nf3 d6 5. h3 b5 6. Bd3 Nd7 7. Be3 Nb6 8. a4 b4
9. Ne2 a5 10. O-O Nf6 11. c3 bxc3 12. bxc3 O-O 13. Qd2 Ba6 14. Bxa6 Rxa6 15.
Qd3 Ra8 16. Rfb1 d5 17. Nd2 Nfd7 18. c4 dxc4 19. Nxc4 Nc5 20. Qc2 Nxc4 21. Qxc4
Nxe4 22. Qxc6 Nd6 23. Ra2 Rb8 24. Rd1 Nf5 25. Qe4 Rb4 26. Bd2 Nxd4 27. Bxb4
Nf3+ 28. gxf3 Qxd1+ 29. Kg2 axb4 30. Qxb4 Qd5 31. Ra3 Qg5+ 32. Qg4 Qc5 33. Rb3
h5 34. Qf4 Qc2 35. Re3 e6 36. Qe4 Qc5 37. f4 Rd8 38. Rb3 Qa5 39. Rb5 Qe1 40.
Rb1 Qa5 41. Rb5 Qa6 42. Rb4 Rd2 43. Ng1 Qa7 44. Ne2 Ra2 45. Rc4 Qd7 46. Nd4
Rxa4 47. Nf3 Ra1 48. Qc2 Bf6 49. Rc8+ Kg7 50. Qc5 Qe7 51. Qb5 Rd1 52. Re8 Qd6
53. Qb7 Qd3 54. f5 Qf1+ 55. Kg3 h4+ 56. Kf4 Qc4+ 0-1

[Event "Parthenay 2000 MI"]
[Site "?"]
[Date "2000.07.13"]
[Round "7"]
[White "David, Vincent"]
[Black "Guedon, Stephne"]
[Result "1-0"]
[WhiteElo "2208"]
[BlackElo "2282"]
[PlyCount "75"]
[EventDate "2000.??.??"]

1. d4 Nf6 2. c4 c5 3. Nf3 cxd4 4. Nxd4 b6 5. f3 Bb7 6. e4 d6 7. Nc3 e6 8. Be2
Be7 9. O-O O-O 10. Be3 Nbd7 11. Nc2 a6 12. Qd2 Qc7 13. Rac1 Rac8 14. Rfd1 Qb8
15. Kh1 Kh8 16. b4 Ba8 17. Nd4 Rfd8 18. a4 Ne5 19. Qa2 d5 20. exd5 exd5 21. Nf5
Bxb4 22. Nxd5 Nxd5 23. cxd5 Rxc1 24. Rxc1 Bxd5 25. Qb2 a5 26. f4 Be6 27. Nd4
Bd5 28. fxe5 Qxe5 29. Bf2 Bc5 30. Bf1 h5 31. Rd1 h4 32. Qc3 Qh5 33. Be2 Bxd4
34. Bxh5 Bxc3 35. Bf3 h3 36. Rxd5 hxg2+ 37. Kxg2 Re8 38. Bxb6 1-0

[Event "Parthenay 2000 MI"]
[Site "?"]
[Date "2000.07.13"]
[Round "7"]
[White "Saucey, Michel"]
[Black "Carlier, Bruno"]
[Result "1/2-1/2"]
[WhiteElo "2315"]
[BlackElo "2399"]
[PlyCount "26"]
[EventDate "2000.??.??"]

1. d4 g6 2. e4 Bg7 3. Nc3 d6 4. Be3 c6 5. Qd2 Nd7 6. Nf3 Ngf6 7. Bh6 Bxh6 8.
Qxh6 e5 9. dxe5 dxe5 10. Bc4 Qe7 11. Ng5 Rf8 12. Nxh7 Nxh7 13. Qxh7 Qg5 1/2-1/2

[Event "Parthenay 2000 MI"]
[Site "?"]
[Date "2000.07.14"]
[Round "8"]
[White "Carlier, Bruno"]
[Black "Guedon, Stephne"]
[Result "0-1"]
[WhiteElo "2399"]
[BlackElo "2282"]
[PlyCount "44"]
[EventDate "2000.??.??"]

1. Nf3 d5 2. g3 c6 3. Bg2 Bg4 4. c4 e6 5. b3 Bd6 6. Bb2 Ne7 7. Bxg7 Rg8 8. Bb2
Nd7 9. d4 h5 10. Nbd2 Ng6 11. e4 h4 12. Qc2 dxe4 13. Nxe4 Bb4+ 14. Nfd2 Qc7 15.
Bc3 Be7 16. h3 Bh5 17. Bf1 f5 18. g4 fxg4 19. O-O-O g3 20. fxg3 hxg3 21. Re1
Nf4 22. Nxg3 Rxg3 0-1

[Event "Parthenay 2000 MI"]
[Site "?"]
[Date "2000.07.14"]
[Round "8"]
[White "Doornbos, Yann"]
[Black "Bouvier, Bruno"]
[Result "0-1"]
[WhiteElo "2356"]
[BlackElo "2298"]
[PlyCount "116"]
[EventDate "2000.??.??"]

1. Nf3 d5 2. c4 dxc4 3. Qa4+ c6 4. Qxc4 Nf6 5. g3 g6 6. Bg2 Bg7 7. O-O O-O 8.
Nc3 Nfd7 9. d4 e5 10. dxe5 Nxe5 11. Nxe5 Bxe5 12. Bh6 Re8 13. Rad1 Qb6 14. Qh4
Bf5 15. g4 Qxb2 16. gxf5 Bxc3 17. fxg6 hxg6 18. Rb1 Qxe2 19. Rxb7 Qxa2 20. Rc1
Bg7 21. Bxg7 Kxg7 22. Qd4+ Kg8 23. Bf1 Qd5 24. Qf4 Qf5 25. Qxf5 gxf5 26. Bc4
Rf8 27. Rc3 Kg7 28. Rf3 Kf6 29. Bd3 Rg8+ 30. Kf1 Rg5 31. Bc4 a5 32. Rxf7+ Ke5
33. Ra3 Rh5 34. h3 Kd4 35. Be2 Rh8 36. Rxf5 a4 37. Bd1 Nd7 38. Rf4+ Kd5 39.
Rfxa4 Rxa4 40. Bxa4 Ne5 41. Bb3+ Kd4 42. Ra4+ Kd3 43. Be6 Rf8 44. Kg2 Rf6 45.
Bg4 c5 46. f4 Nf7 47. Kf2 Nd6 48. Be2+ Kd2 49. Kf3 Nf5 50. Bc4 Nd4+ 51. Ke4 Kc3
52. Bd5 Kd2 53. Rc4 Rh6 54. Rxc5 Ne2 55. Ra5 Rxh3 56. Ra2+ Ke1 57. Ra1+ Kf2 58.
f5 Re3# 0-1

[Event "Parthenay 2000 MI"]
[Site "?"]
[Date "2000.07.14"]
[Round "8"]
[White "Popescu, Daniel"]
[Black "David, Vincent"]
[Result "1-0"]
[WhiteElo "2353"]
[BlackElo "2208"]
[PlyCount "115"]
[EventDate "2000.??.??"]

1. Nf3 c5 2. e4 Nc6 3. Nc3 d6 4. d4 cxd4 5. Nxd4 Nf6 6. g3 Bd7 7. Bg2 a6 8. O-O
e6 9. Re1 Be7 10. Nxc6 Bxc6 11. a4 Rc8 12. a5 O-O 13. Be3 Qc7 14. Bb6 Qb8 15.
Nd5 exd5 16. exd5 Nxd5 17. Bxd5 Bd8 18. Bxd8 Rfxd8 19. Re7 Rf8 20. Ra3 Rc7 21.
Re2 Bxd5 22. Qxd5 Rc5 23. Qd2 Qc7 24. b4 Rc4 25. Rd3 h6 26. c3 Rd8 27. Ree3 b6
28. axb6 Qxb6 29. Rd5 Qc7 30. Red3 Rc6 31. h4 Qe7 32. R5d4 Qc7 33. Rg4 Rc4 34.
Rgd4 a5 35. Rxc4 Qxc4 36. bxa5 d5 37. Rd4 Qb3 38. c4 Rc8 39. Rxd5 Rxc4 40. Kg2
Qb7 41. Kh2 Qc6 42. Qd3 g6 43. Rd8+ Kh7 44. Rd6 Qe4 45. Qxe4 Rxe4 46. Rd7 Kg7
47. a6 Ra4 48. a7 h5 49. Kg2 Ra3 50. Kf1 Kf6 51. Ke2 Ke6 52. Rb7 f6 53. Kd2 g5
54. Kc2 Kf5 55. Kb2 Ra6 56. Kb3 gxh4 57. gxh4 Kg4 58. Rb4+ 1-0

[Event "Parthenay 2000 MI"]
[Site "?"]
[Date "2000.07.14"]
[Round "8"]
[White "Saucey, Michel"]
[Black "Berthelot, Yannick"]
[Result "1-0"]
[WhiteElo "2315"]
[BlackElo "2512"]
[PlyCount "83"]
[EventDate "2000.??.??"]

1. d4 d5 2. Nf3 Nf6 3. c4 c6 4. Nc3 e6 5. e3 Nbd7 6. Qc2 Bd6 7. g4 Bb4 8. Bd2
O-O 9. Bd3 dxc4 10. Bxc4 Nxg4 11. Rg1 Nb6 12. Bd3 f5 13. h3 Nf6 14. a3 Bxc3 15.
Bxc3 Nbd5 16. Bd2 Bd7 17. O-O-O Rc8 18. Kb1 Qe7 19. Rc1 b6 20. Ne5 c5 21. Nxd7
Qxd7 22. Ba6 Rc7 23. Qd3 Ne4 24. f3 Nxd2+ 25. Qxd2 f4 26. dxc5 fxe3 27. Qd4 Rf4
28. Qe5 bxc5 29. Bc4 Rf5 30. Qe4 Qf7 31. Ka1 Rxf3 32. Qe5 Qf6 33. Qd6 Rf2 34.
Rb1 Qe7 35. Qe5 Qf6 36. Qd6 Qe7 37. Qe5 Rf5 38. Qg3 h6 39. h4 Rb7 40. Bd3 Rf6
41. Qe5 Qd6 42. Qxd6 1-0

[Event "Parthenay 2000 MI"]
[Site "?"]
[Date "2000.07.15"]
[Round "9"]
[White "David, Vincent"]
[Black "Doornbos, Yann"]
[Result "1/2-1/2"]
[WhiteElo "2208"]
[BlackElo "2356"]
[PlyCount "34"]
[EventDate "2000.??.??"]

1. d4 e6 2. e4 d5 3. e5 c5 4. c3 Nc6 5. Nf3 Bd7 6. a3 f6 7. Bd3 fxe5 8. dxe5
Qc7 9. O-O O-O-O 10. Bf4 Nh6 11. Nbd2 Be7 12. c4 Rdf8 13. Bg3 d4 14. b4 cxb4
15. axb4 Bxb4 16. Ne4 Nf5 17. c5 Kb8 1/2-1/2